000 01233nam2a22002411 4500
001 RU\NLR\Per\809698
005 20250617192013.0
035 _a(NLR Aleph) 003054029
090 _a2164872
_c2164872
100 _a20111027d2011 |||y0rusy50 ca
101 0 _arus
102 _aRU
105 _ay |||||||||
200 0 _a2011, № 9
210 _d2011
_aБ. м.
461 0 _1001RU\NLR\Per\503813
_12001#$aЖилищно-коммунальное хозяйство: бухгалтерский учет и налогообложение$eжурнал$eприложение к журналу "Актуальные вопросы бухгалтерского учета и налогообложения"$v2011, № 9
_94211507
_cМосква
_d2006 -
_n[б. и.]
_oжурнал : приложение к журналу "Актуальные вопросы бухгалтерского учета и налогообложения"
_tЖилищно-коммунальное хозяйство: бухгалтерский учет и налогообложение
_v2011, № 9
801 1 _aRU
_bInfoComm
_c20040304
801 0 _aRU
_bNLR
_gPSBO
852 _aNLR
_jП22/8433
942 _cISSUE
980 _aNB
980 _aRUSPER